1218 1554 1485 1429 1936 1042 1326 1980 1249 1019 1754 1418 1928 1955 1471 1826 1946 1563 1526 1187 1740 1016 1018 1219 1454 1515 1107 1280 1126 1363 1791 1286 1568 1166 1842 1555 1583 1647 1566 1870 1104 1228 1317 1245 1745 1041 1797 1271 1177 1459 1791 1601 1584 1975 1113 1170 1229 1429 1908 1991 1283 1188 1360 1445 1897 1557 1918 1061 1405 1651 1881 1737 1220 1657 1842 1781 1680 1205 1428 1577 1555 1012 1291 1974 1110 1214 1446 1101 1117 1795 1405 1083 1544 1124 1940 1296 1836 1967 1382 BCNSPRNW ULIB Ver.6.0+V

เปลี่ยนเป็นภาษาไทย

Change to English
 แสดงรายละเอียดบรรณานุกรม
  กลับหน้าหลัก

Brief Record : Get Marc (ISO 2709) : E-mail record : QR code < ปิดหน้าต่าง
LEADER : 00000nam 2200000uu 4500
001    13399125514
003     ULIB
008    170620s2559||||th 000 0 tha d
020    ^a9786169203575
060  0 ^aWO100^bศ334 ล.54
245 10 ^aศัลยศาสตร์วิวัฒน์ เล่ม 54 =^bDealing with colorectal diseases 2016/^cบรรณาธิการ,ต้น คงเป็นสุข...[และคนอื่นๆ].
250    ^aพิมพ์ครั้งที่ 1.
260    ^aกรุงเทพฯ:^bกรุงเทพเวชสาร,^c2559.
300    ^a491 หน้า.
650  7 ^aศัลยศาสตร์วิวัฒน์
700 0  ^aต้น คงเป็นสุข,^eบรรณาธิการ
945    ^p0^l0^i002334
945    ^p0^l0^i002335
945    ^p0^l0^i002336
999    ^aวรรณษา ชูชัยมงคล
รายการนี้ยังไม่มีแท็ก
คุณยังไม่ได้ล็อกอิน คุณสามารถมีกิจกรรมร่วมกับเว็บไซต์ได้ แต่ต้องล็อกอินก่อน ::
  ล็อกอิน

รายการสื่อสารสนเทศ

ลำดับที่ ประเภท เลขเรียก/บาร์โค้ด สถานที่ สถานะ
1. วิทยาศาสตร์การแพทย์ และสุขภาพ
วิทยาศาสตร์การแพทย์ และสุขภาพ
สถานะ=หนังสือเก่า
WO100 ศ334 ล.54 ฉ.1 
  Barcode: 002334
ห้องสมุดวิทยาเขตสวรรค์ประชารักษ์
►ส่วนจัดเก็บหนังสือเก่า สปร
บนชั้น
  ขอยืม
2. วิทยาศาสตร์การแพทย์ และสุขภาพ
วิทยาศาสตร์การแพทย์ และสุขภาพ
สถานะ=หนังสือเก่า
WO100 ศ334 ล.54 ฉ.2 
  Barcode: 002335
ห้องสมุดวิทยาเขตสวรรค์ประชารักษ์
►ส่วนจัดเก็บหนังสือเก่า สปร
บนชั้น
  ขอยืม
3. วิทยาศาสตร์การแพทย์ และสุขภาพ
วิทยาศาสตร์การแพทย์ และสุขภาพ
สถานะ=หนังสือเก่า
WO100 ศ334 ล.54 ฉ.3 
  Barcode: 002336
ห้องสมุดวิทยาเขตสวรรค์ประชารักษ์
►ส่วนจัดเก็บหนังสือเก่า สปร
บนชั้น
  ขอยืม

BibComment


ยังไม่เคยถูกคอมเมนท์

คอมเมนท์ทรัพยากรรายการนี้
  คอมเมนท์: ศัลยศาสตร์วิวัฒน..


 Copyright 2026. Bcnsprnw @Library